Rapaces españolas nocturnas - Estadísticas

Estadísticas generales
  • Esta prueba ha sido intentada 29 veces
  • La puntuación promedio es 4 de 8
Estadísticas de respuestas
Hábitat Especie % Correcto
Pueblos y Ciudades Lechuza
96%
Bosques/ Alta Montaña/ Roquedos Búho Real
73%
Dehesas/ Pueblos y Ciudades Mochuelo
46%
Dehesas/ Parques/ Jardines/ Huertos Autillo
42%
Bosques Búho Chico
35%
Bosques Cárabo
35%
Matorral/ Praderas/ Estepas Búho Campestre
15%
Bosques de Montaña Mochuelo Boreal
8%
No se encontraron pruebas coincidentes
Distribución de puntuación
Porcentaje de gente con cada puntuación
Porcentaje por número respondido
Historial de tus puntuaciones
No has intentado esta prueba.